[Event "14th OIBM"]
[Site "Bad Wiessee GER"]
[Date "2010.11.04"]
[Round "6.40"]
[White "Reefschlaeger,H"]
[Black "Astengo,C"]
[Result "1/2-1/2"]
[WhiteElo "2302"]
[BlackElo "2150"]

1.d4 d5 2.c4 e6 3.Nf3 Nf6 4.g3 Be7 5.Bg2 O-O 6.O-O dxc4 7.Ne5 c5 8.dxc5 Bxc5
9.Nxc4 Qe7 10.Nc3 Nc6 11.Bg5 Rd8 12.Qc1 h6 13.Bxf6 Qxf6 14.Ne4 Qe7 15.Nxc5 Qxc5
16.e3 e5 17.Qc3 Be6 18.Rfc1  1/2-1/2

[Event "49th TCh-DEN XtraCon 2010-11"]
[Site "Denmark DEN"]
[Date "2010.11.06"]
[Round "1.4"]
[White "Andersen,L1 DEN"]
[Black "Nielsen,LA"]
[Result "1-0"]
[WhiteElo "2132"]
[BlackElo "2276"]

1.Nf3 d5 2.d4 Nf6 3.c4 e6 4.g3 Be7 5.Bg2 O-O 6.O-O dxc4 7.Ne5 Nc6 8.Bxc6 bxc6
9.Nxc6 Qe8 10.Nxe7+ Qxe7 11.Qa4 Qd6 12.Qxc4 Ba6 13.Qc2 Qxd4 14.Be3 Qe5 15.Nc3 Ng4
16.Qc1 h6 17.h3 Nf6 18.Kh2 Nd5 19.Nxd5 exd5 20.Qd2 Rac8 21.Rac1 Rfd8 22.Rfd1 Qe7
23.Bc5 Qxe2 24.Qxe2 Bxe2 25.Rd2 Bf3 26.Rc3 Be4 27.Bxa7 c6 28.a4 Ra8 29.Bb6 d4
30.Rc4 Re8 31.Rcxd4 Bd5 32.a5 Re1 33.Rxd5 cxd5 34.Rxd5 Rb1 35.Rb5 Rb8 36.Kg2 f6
37.h4 Kf7 38.h5 Ke6 39.Kf3 Ra1 40.b4 Ra3+ 41.Ke4 Ra2 42.Rc5 Rb2 43.Rc6+ Kd7
44.Rc7+ Kd6 45.Rc4 Ke6 46.Kd3 Rb7 47.Kc3 Rb1 48.Kc2 Ra1 49.Kb3 Kd5 50.Rc5+ Kd6
51.Kc4 Rc1+ 52.Kb5 Rxc5+ 53.bxc5+ Kd5 54.a6 Rb8 55.a7 Ra8 56.c6 Kd6 57.Be3 Kd5
58.Kb6 Rxa7 59.Kxa7 Kxc6 60.Kb8 Kd7 61.Kb7 Ke6 62.Kc6 Kf5 63.f3 Ke6 64.Bf4 Ke7
65.Kd5 Kd7 66.Bd6 Kd8 67.Ke6 Ke8 68.g4  1-0

[Event "14th OIBM"]
[Site "Bad Wiessee GER"]
[Date "2010.11.07"]
[Round "9.23"]
[White "Stockmann,M"]
[Black "Zude,A"]
[Result "0-1"]
[WhiteElo "2248"]
[BlackElo "2470"]

1.d4 Nf6 2.c4 e6 3.g3 d5 4.Nf3 Be7 5.Bg2 O-O 6.O-O dxc4 7.Ne5 Nc6 8.Bxc6 bxc6
9.Nxc6 Qe8 10.Nxe7+ Qxe7 11.Qa4 c5 12.Qxc4 cxd4 13.Qxd4 e5 14.Qh4 Rb8 15.Nc3 Rb4
16.e4 h6 17.f3 Rd8 18.g4 Ba6 19.Re1 Rd3 20.Qf2 Qb7 21.h4 Bc4 22.Rd1 Nxe4
23.fxe4 Rxd1+ 24.Nxd1 Qxe4 25.Ne3 Bd5 26.Nxd5 Qxd5 27.Be3 Rxg4+ 28.Kh2 Qe4
29.Kh3 g5 30.hxg5 hxg5 31.Qe2 f5  0-1

[Event "TCh-BEL 2010-11"]
[Site "Belgium BEL"]
[Date "2010.11.07"]
[Round "3.2"]
[White "Renette,H"]
[Black "Geirnaert,S"]
[Result "0-1"]
[WhiteElo "2348"]
[BlackElo "2352"]

1.d4 Nf6 2.c4 e6 3.g3 d5 4.Nf3 Be7 5.Bg2 O-O 6.O-O dxc4 7.Qc2 a6 8.a4 Bd7
9.Rd1 Bc6 10.Nc3 Nd5 11.e4 Nxc3 12.bxc3 b5 13.d5 exd5 14.Nd4 Bf6 15.exd5 Bxd5
16.Nf5 c6 17.axb5 Qc8 18.Bxd5 cxd5 19.Ba3 axb5 20.Bxf8 Rxa1 21.Rxa1 Kxf8
22.Rd1 Qc5 23.Ne3 d4 24.cxd4 Bxd4 25.Qxh7 g6 26.Ng4 Nc6 27.Qh6+ Kg8 28.Re1 Ne7
29.Qf4 Nf5 30.h4 Kh7 31.h5 c3 32.hxg6+ fxg6 33.Kg2 c2 34.Rh1+ Kg7 35.Qb8 Qc6+
36.f3 c1=Q 37.Rxc1 Qxc1 38.Qb7+ Kh8 39.Qb8+ Kh7 40.Qb7+ Ng7 41.Qxb5 Qg1+
42.Kh3 Nh5 43.Qd7+ Bg7 44.Qd6 Qf1+ 45.Kh4 Qxf3 46.Nh2 Qf5 47.Qe7 Nf6 48.g4 Qf4
49.Kh3 Nd5 50.Qe2 Be5 51.Nf1 Qh6+  0-1

[Event "TCh-BEL 2010-11"]
[Site "Belgium BEL"]
[Date "2010.11.07"]
[Round "3.2"]
[White "Van der Stricht,G"]
[Black "Eliet,N"]
[Result "1/2-1/2"]
[WhiteElo "2392"]
[BlackElo "2410"]

1.d4 d5 2.c4 e6 3.Nf3 Nf6 4.g3 Be7 5.Bg2 O-O 6.O-O Nbd7 7.Qc2 c5 8.dxc5 Nxc5
9.Rd1 Qa5 10.Bg5 Nce4 11.cxd5 exd5 12.Nc3 Nxc3 13.bxc3 Bd7  1/2-1/2

[Event "TCh-CZE 2010-11"]
[Site "Frydek Mistek CZE"]
[Date "2010.11.07"]
[Round "2.8"]
[White "Mozny,M"]
[Black "Malinovsky,K"]
[Result "1/2-1/2"]
[WhiteElo "2379"]
[BlackElo "2339"]

1.d4 Nf6 2.Nf3 e6 3.c4 d5 4.g3 Be7 5.Bg2 O-O 6.O-O dxc4 7.Ne5 Nc6 8.Nxc6 bxc6
9.Nc3 Rb8 10.e4 Ba6 11.Re1 Qd7 12.e5 Nd5 13.Qg4 Kh8 14.Be4 f5 15.exf6 Nxf6
16.Qe2 Nxe4 17.Qxe4 Bf6 18.Qxe6 Qxe6 19.Rxe6 Bxd4 20.Be3 Bxe3 21.fxe3 Bc8
22.Rxc6 Rxb2 23.Rf1 Rxf1+ 24.Kxf1 Rc2 25.Nd5 Bb7 26.Rc5 Bxd5 27.Rxd5 h6 28.Rc5 Rxa2
29.Rxc4 Rxh2 30.Rxc7 a5 31.Ra7 Ra2 32.e4 Kh7 33.e5 Kg6 34.e6 a4 35.e7 Kf7
36.Kg1 Ke8 37.Kh1 h5 38.Kg1 g6 39.Kh1 Kf7 40.Kg1 Ke8 41.Kh1 a3 42.Kg1 g5
43.Kh1 Kf7 44.Kg1 h4 45.gxh4 gxh4 46.Kh1 h3 47.Kg1 Rg2+ 48.Kh1 Ra2 49.Kg1 Ke8
50.Kh1 Kf7 51.Kg1 Rg2+ 52.Kh1 a2 53.e8=Q+ Kxe8 54.Ra8+ Kf7 55.Ra7+ Kf6 56.Ra6+ Ke5
57.Ra5+ Kd6 58.Ra6+ Kc5 59.Ra5+ Kb4 60.Ra4+ Kxa4  1/2-1/2

[Event "TCh-CZE 2010-11"]
[Site "Frydek Mistek CZE"]
[Date "2010.11.07"]
[Round "2.3"]
[White "Konopka,M"]
[Black "Jirovsky,M"]
[Result "1/2-1/2"]
[WhiteElo "2454"]
[BlackElo "2475"]

1.d4 d5 2.c4 e6 3.Nf3 Nf6 4.g3 Be7 5.Bg2 O-O 6.O-O Nbd7 7.Qc2 c6 8.Rd1 b6
9.b3 Ba6 10.Nbd2 c5 11.Bb2 Rc8 12.Rac1 Qc7 13.Qb1 Qb8 14.e4 dxc4 15.Nxc4 cxd4  1/2-1/2

[Event "FSIM November"]
[Site "Budapest HUN"]
[Date "2010.11.08"]
[Round "3"]
[White "Tran Tuan Minh"]
[Black "Lengyel,B"]
[Result "1/2-1/2"]
[WhiteElo "2256"]
[BlackElo "2289"]

1.d4 d5 2.Nf3 Nf6 3.c4 e6 4.g3 Be7 5.Bg2 O-O 6.O-O c6 7.b3 Nbd7 8.Bb2 b6
9.Nc3 Ba6 10.Nd2 Rc8 11.e4 dxc4 12.bxc4 b5 13.e5 Ne8 14.Re1 bxc4 15.Qg4 Nb6
16.Rad1 Nd5 17.Nde4 Rb8 18.Bc1 Kh8 19.Na4 c3 20.Naxc3 Bc4 21.h4 f5 22.exf6 Nexf6
23.Nxf6 Nxc3 24.Nh5 Rf7 25.Rd2 Nxa2 26.d5 exd5 27.Bb2 Bf8 28.Be5 Ra8 29.Nf4 Qa5
30.Rdd1 Nc3 31.Ra1 Qb4 32.Qh5 Rxf4 33.gxf4 Ne4 34.Bh3 Qd2 35.Qf3 Bc5 36.Qg2 Qxf2+
37.Kh2 Qxg2+ 38.Bxg2 Nf6 39.Bxf6 gxf6 40.Re6 Rg8 41.Rb1 Bd4 42.Rxc6 f5  1/2-1/2

[Event "ch-ISR"]
[Site "Haifa ISR"]
[Date "2010.11.10"]
[Round "3.9"]
[White "Zanan,E"]
[Black "Birnboim,N"]
[Result "1-0"]
[WhiteElo "2207"]
[BlackElo "2387"]

1.d4 d5 2.c4 e6 3.Nf3 Nf6 4.g3 Be7 5.Bg2 O-O 6.O-O b6 7.cxd5 exd5 8.Qc2 Bb7
9.Nc3 Na6 10.a3 c5 11.Bf4 Qc8 12.Rfd1 Rd8 13.Rac1 h6 14.h3 Qe6 15.g4 Ne4
16.e3 Rac8 17.Qe2 Nxc3 18.Rxc3 Nc7 19.Rcc1 Ne8 20.Qe1 c4 21.Ne5 b5 22.Bg3 Nd6
23.f4 g6 24.Qa5 a6 25.Rf1 Re8 26.h4 Bd8 27.Qe1 f5 28.Bh3 Rc7 29.Kh2 Kh7 30.Rg1 Rg7
31.Qe2 Bc8 32.Rg2 Reg8 33.Rcg1 Qe8 34.Be1 fxg4 35.Bxg4 Nf5 36.Bf2 h5 37.Bh3 Be6
38.Nxg6 Nh6 39.Bxe6 Qxe6 40.Nf8+ Rxf8 41.Rxg7+ Kh8 42.Qxh5  1-0

[Event "ch-ISR"]
[Site "Haifa ISR"]
[Date "2010.11.11"]
[Round "4.1"]
[White "Mikhalevski,V"]
[Black "Golod,V"]
[Result "1/2-1/2"]
[WhiteElo "2602"]
[BlackElo "2582"]

1.d4 Nf6 2.c4 e6 3.Nf3 d5 4.g3 Be7 5.Bg2 O-O 6.O-O dxc4 7.Qc2 a6 8.a4 Bd7
9.Qxc4 Bc6 10.Bg5 h6 11.Bxf6 Bxf6 12.Nc3 Bxf3 13.Bxf3 c6 14.Rfd1 a5 15.b4 axb4
16.Qxb4 Ra7 17.Qc5 Ra5 18.Qb4 Ra7 19.Qc5 Ra5 20.Qb4 Ra7 21.Qc5 Ra5  1/2-1/2

[Event "16th Asian Games Rapid"]
[Site "Guangzhou CHN"]
[Date "2010.11.13"]
[Round "2"]
[White "So,W"]
[Black "Lee Sanghoon"]
[Result "1-0"]
[WhiteElo "2669"]
[BlackElo "2132"]

1.d4 d5 2.c4 e6 3.Nf3 Nf6 4.g3 Be7 5.Bg2 O-O 6.O-O dxc4 7.Ne5 c5 8.dxc5 Qxd1
9.Rxd1 Bxc5 10.Nc3 a6 11.Nb1 Be7 12.Nc3 Bc5 13.Nxc4 Nc6 14.Na4 Ba7 15.Nab6 Bxb6
16.Nxb6 Rb8 17.Be3 Nd5 18.Bxd5 exd5 19.Bf4 Be6 20.Bxb8 Rxb8 21.Nxd5 Kf8 22.Nf4 Bf5
23.h4 Re8 24.f3 Ne5 25.Rac1 Bd7 26.Kf2 Bc6 27.Nd3 Nxd3+ 28.Rxd3 Bb5 29.Rdd1 Bc6
30.Rd3 Bb5 31.Re3 Rd8 32.Rc7 Bc6 33.Ree7 Bd5 34.b3 Be6 35.Rxb7 Rd2  1-0

[Event "Schachbundesliga 2010-11"]
[Site "Solingen GER"]
[Date "2010.11.13"]
[Round "3"]
[White "Goloshchapov,A"]
[Black "Chuchelov,V"]
[Result "1/2-1/2"]
[WhiteElo "2576"]
[BlackElo "2565"]

1.d4 Nf6 2.c4 e6 3.g3 d5 4.Nf3 Be7 5.Bg2 O-O 6.O-O dxc4 7.Qc2 a6 8.Qxc4 b5
9.Qc2 Bb7 10.Bg5 Nbd7 11.Nbd2 c5 12.Bxf6 Bxf6 13.dxc5 Rc8 14.Nb3 Qc7 15.Rfc1 Bd5
16.Nfd2 Bxg2 17.Kxg2 Qe5 18.Ne4 Qxb2 19.Nxf6+ Qxf6 20.a4 Ne5 21.axb5 axb5
22.Qe4 Nc4 23.c6 Rfd8 24.Rd1 g6 25.Rxd8+ Qxd8 26.Nd4 Qf6 27.Ra6 Nd6 28.Qf4 Qe7
29.Qe5 b4 30.e3 h5 31.h4 Rb8 32.c7 Qxc7 33.Rxd6 b3 34.Nxe6 fxe6 35.Qxe6+ Qf7
36.Qe4 b2 37.Rxg6+ Kf8 38.Qe5 b1=Q 39.Qh8+ Ke7 40.Qe5+ Kf8 41.Qh8+ Ke7 42.Qe5+ Kf8
43.Qh8+ Ke7  1/2-1/2

[Event "Schachbundesliga 2010-11"]
[Site "Berlin GER"]
[Date "2010.11.14"]
[Round "4"]
[White "Hansen,SuB"]
[Black "Reiss,T"]
[Result "1-0"]
[WhiteElo "2595"]
[BlackElo "2403"]

1.d4 Nf6 2.c4 e6 3.Nf3 d5 4.g3 Be7 5.Bg2 O-O 6.O-O b6 7.cxd5 exd5 8.Nc3 Bb7
9.Bf4 c6 10.Rc1 Nbd7 11.Qc2 Nh5 12.Bd2 Nhf6 13.Rfe1 Re8 14.Rcd1 Bb4 15.a3 Bd6
16.Nh4 g6 17.Nf3 Qc7 18.Rc1 Rac8 19.Qb1 Qb8 20.Qa2 Rc7 21.Ng5 h6 22.Nh3 Kg7
23.Bf4 Bxf4 24.Nxf4 Nf8 25.e3 Ba6 26.Red1 Ne6 27.Nxe6+ Rxe6 28.Rd2 Ne8 29.b3 Rce7
30.Qb2 f5 31.Na2 Nf6 32.Nb4 Bb7 33.Rdc2 Qe8 34.Nd3 Kh7 35.b4 Ne4 36.a4 Nd6
37.Ne5 Rxe5 38.dxe5 Rxe5 39.Qd4 Re6 40.Bxd5 cxd5 41.Rc7+ Re7 42.Qf6  1-0

[Event "ch-ISR"]
[Site "Haifa ISR"]
[Date "2010.11.15"]
[Round "6.13"]
[White "Kudischewitsch,D"]
[Black "Krayz,A"]
[Result "1/2-1/2"]
[WhiteElo "2366"]
[BlackElo "2339"]

1.d4 Nf6 2.c4 e6 3.g3 d5 4.Nf3 Be7 5.Bg2 O-O 6.O-O dxc4 7.Qc2 a6 8.a4 Bd7
9.Qxc4 Bc6 10.Bf4 Nd5 11.Nc3 Nxf4 12.gxf4 Nd7 13.Rfd1 Nf6 14.Rac1 Qd6 15.e3 Rac8
16.Qb3 Qb4 17.Qc2 Qa5 18.Ne5 Bxg2 19.Kxg2 Bb4 20.Ne4 Nxe4 21.Qxe4 Qd5 22.f3 Rfd8
23.Qc2 f6 24.Nd3 Bd6 25.Qc3 Kf7 26.Rc2 Rd7 27.Rcd2 Rcd8 28.e4 Qh5 29.d5 exd5
30.e5 Be7 31.Re1 Kg8 32.e6 Rd6 33.Qxc7 Qe8 34.Qxb7 Rb8 35.Qa7 Rbb6 36.a5 Rb5
37.Ra1 Bd8 38.f5 Bxa5 39.Rc2 g6 40.Kf2 Rdb6 41.Rc8 Qxc8 42.Qf7+ Kh8 43.Qxf6+ Kg8
44.Qf7+ Kh8 45.e7 Rb8 46.f6 Rxb2+ 47.Kg3 Bc7+ 48.f4 Bxf4+ 49.Nxf4 Qc3+ 50.Kg4 h5+
51.Kg5 Qe5+ 52.Kxg6 Qe4+ 53.Kg5  1/2-1/2

[Event "16th Asian Games Team Men"]
[Site "Guangzhou CHN"]
[Date "2010.11.18"]
[Round "1"]
[White "Mahjoob,M"]
[Black "Jung,Min"]
[Result "1-0"]
[WhiteElo "2514"]
[BlackElo "1701"]

1.Nf3 d5 2.d4 Nf6 3.c4 e6 4.g3 Be7 5.Bg2 c6 6.O-O O-O 7.Nc3 Nbd7 8.Qd3 c5
9.cxd5 exd5 10.b3 cxd4 11.Qxd4 Bc5 12.Qd3 d4 13.Nb5 a6 14.Nbxd4 Ne5 15.Nxe5 Qxd4
16.Bf4 Re8 17.Rac1 Ng4 18.Qxd4 Bxd4 19.Nxg4 Bxg4 20.e3 Be5 21.Bxb7 Rab8 22.Bc6 Re7
23.Bxe5 Rxe5 24.f3 Be6 25.e4 Ra5 26.Rf2 f5 27.exf5 Bxf5 28.Rd2 Kf8 29.Ba4 Re5
30.Kf2 Rb7 31.Rc6 a5 32.f4  1-0

[Event "60th ch-RUS w"]
[Site "Moscow RUS"]
[Date "2010.11.19"]
[Round "4"]
[White "Galliamova,A"]
[Black "Shadrina,T"]
[Result "0-1"]
[WhiteElo "2487"]
[BlackElo "2384"]

1.d4 d5 2.Nf3 Nf6 3.c4 e6 4.g3 Be7 5.Bg2 O-O 6.Qc2 c5 7.dxc5 Qa5+ 8.Nbd2 Qxc5
9.b3 Nc6 10.a3 a5 11.O-O d4 12.Bb2 h6 13.Rfe1 e5 14.e3 Rd8 15.h3 Bf8 16.exd4 exd4
17.g4 Be6 18.Rad1 Rac8 19.Qd3 Rc7 20.Re2 Rcd7 21.Rde1 Bd6 22.Kh1 Bb8 23.Bc1 Bf4
24.Bb2 Bb8 25.Kg1 h5 26.Ne4 Nxe4 27.Rxe4 hxg4 28.hxg4 a4 29.bxa4 Qxc4 30.Qd2 Rd5
31.Ng5 Re5 32.Rxe5 Nxe5 33.Nxe6 Qxe6 34.f4 Nc4 35.Qb4 Bd6 36.Rxe6 Bxb4 37.Re4 Bc5
38.Ba1 d3+ 39.Kh2 d2 40.Bf3 Ne3 41.Bc3 d1=Q 42.Bxd1 Nxd1 43.Bb4 Nf2 44.Rc4 Nxg4+
45.Kg3 Bxb4 46.axb4 Nf6 47.f5 Rd5 48.Rc7 Rd3+ 49.Kf2 b6 50.Rc8+ Kh7 51.Rc7 Rd4
52.a5 bxa5 53.bxa5 Rf4+  0-1

[Event "ch-UKR w"]
[Site "Poltava UKR"]
[Date "2010.11.19"]
[Round "7"]
[White "Cherednichenko,E"]
[Black "Tsirulnik,Mari"]
[Result "1/2-1/2"]
[WhiteElo "2149"]
[BlackElo "2136"]

1.d4 Nf6 2.Nf3 e6 3.g3 d5 4.Bg2 Be7 5.c4 O-O 6.O-O dxc4 7.Qc2 Bd7 8.Qxc4 Bc6
9.Nc3 Nbd7 10.Rd1 Nb6 11.Qd3 Nbd5 12.Ne5 Nxc3 13.Nxc6 Nxe2+ 14.Qxe2 bxc6
15.Bxc6 Rb8 16.Bf4 Bd6 17.Be5 Rb6 18.Rac1 Qe7 19.Rc2 Nd7 20.Rdc1 Rc8 21.b3 Nf8
22.Bb5 f6 23.Bxd6 Qxd6 24.Rd1 Rcb8 25.Bc4 g6 26.Rcd2  1/2-1/2

[Event "16th Asian Games Team Men"]
[Site "Guangzhou CHN"]
[Date "2010.11.21"]
[Round "4"]
[White "Moradiabadi,E"]
[Black "Gundavaa,B"]
[Result "0-1"]
[WhiteElo "2575"]
[BlackElo "2472"]

1.d4 Nf6 2.c4 e6 3.g3 d5 4.Nf3 Be7 5.Bg2 O-O 6.O-O dxc4 7.Qc2 a6 8.a4 Bd7
9.Qxc4 Bc6 10.Bg5 Bd5 11.Qd3 c5 12.Nc3 Bc6 13.Rfd1 Qa5 14.Bd2 cxd4 15.Nb5 Qb6
16.Nbxd4 Be4 17.Qe3 Nbd7 18.a5 Qd8 19.Bc3 Bd5 20.Rac1 Re8 21.Be1 Bd6 22.b4 Qe7
23.b5 Bc5 24.Qd3 e5 25.Nf5 Qf8 26.N3h4 e4 27.Qb1 g5 28.Rxc5 Qxc5 29.Nh6+ Kg7
30.N4f5+ Kg6 31.h4 gxh4 32.Bb4 Qc4 33.Nd6 Qb3 34.Qc1 Re5 35.Bd2 e3 36.Bxe3 Rxe3
37.Nhf5 Bxg2 38.Nxe3 Bh3 39.Nec4 Be6 40.gxh4 h6 41.Rd3 Qb4 42.Rg3+ Kh7 43.Qc2+ Kh8
44.Qc1 Rg8 45.Qxh6+ Nh7 46.Rxg8+ Kxg8 47.bxa6 bxa6 48.Qc1 Qc5 49.Qe3 Qh5
50.Qe4 Nhf6 51.Qa8+ Kh7 52.Qxa6 Qxe2 53.Qb5 Qe1+ 54.Kg2 Bd5+  0-1

[Event "TCh-HUN 2010-11"]
[Site "Nagykanizsa HUN"]
[Date "2010.11.21"]
[Round "3"]
[White "Markus,Rob"]
[Black "Petrik,T"]
[Result "1-0"]
[WhiteElo "2624"]
[BlackElo "2528"]

1.d4 Nf6 2.c4 e6 3.g3 d5 4.Bg2 Be7 5.Nf3 O-O 6.O-O dxc4 7.Qc2 a6 8.a4 Bd7
9.Qxc4 Bc6 10.Bg5 Bd5 11.Qc2 Be4 12.Qd1 Nbd7 13.Nc3 Bc6 14.Qc2 h6 15.Bd2 Bb4
16.a5 Bxc3 17.bxc3 Be4 18.Qb3 c5 19.Rfc1 b5 20.c4 Rb8 21.Bf4 Rb7 22.Bd6 Re8
23.dxc5 Qa8 24.Bf1 Rc8 25.Qe3 bxc4 26.Nd2 Bd5 27.Nxc4 Bxc4 28.Rxc4 Rb5 29.Bg2 Nd5
30.Qd2 Qb7 31.Rac1 Rb2 32.R4c2 Rxc2 33.Qxc2 Qc6 34.Qc4 Kh8 35.e4 N5f6 36.e5 Nd5
37.Rd1 Qb5 38.Bxd5 exd5 39.Qxd5 Qxa5 40.Qb7 Rd8 41.Qc7  1-0

[Event "TCh-HUN 2010-11"]
[Site "Nagykanizsa HUN"]
[Date "2010.11.21"]
[Round "3"]
[White "Flumbort,A"]
[Black "Kovacs,Ga2"]
[Result "1-0"]
[WhiteElo "2550"]
[BlackElo "2493"]

1.d4 d5 2.c4 e6 3.Nf3 Nf6 4.g3 Be7 5.Bg2 O-O 6.O-O dxc4 7.Qc2 a6 8.a4 Bd7
9.Rd1 Bc6 10.Nc3 Bb4 11.Bg5 Bxc3 12.Bxf6 Qxf6 13.Qxc3 Qe7 14.Qxc4 Bd5 15.Qc2 Nc6
16.e4 Nb4 17.Qe2 Bc6 18.Ne5 Rfd8 19.b3 Be8 20.Rac1 Rac8 21.Qe3 Nc6 22.Nxc6 Bxc6
23.d5 Bd7 24.Rc5 e5 25.Qc3 Qd6 26.Rc1 c6 27.a5 Re8 28.Bf1 Ra8 29.Qb4 cxd5
30.exd5 Rab8 31.Qb6 Qxb6 32.axb6 Red8 33.Re1 f6 34.f4 exf4 35.gxf4 Kf8 36.Rc7 Bf5
37.Ree7 Rd6 38.Rf7+ Ke8 39.Rxg7 Kf8 40.Rgf7+ Kg8 41.Bc4 a5 42.Rxb7 Rxb6 43.Rxb8+ Rxb8
44.d6 Kh8 45.Rxf6 Bd7 46.Rf7 Rd8 47.f5 a4 48.bxa4 Bxa4 49.f6 h6 50.Rg7 Rf8
51.Rg6 Kh7 52.Bd3 Be8 53.Rg7+ Kh8 54.Rh7+ Kg8 55.Rxh6 Bf7 56.Bf5 Bd5 57.Kf2 Kf7
58.Ke3 Rd8 59.Kd4 Rxd6 60.Ke5 Rd8 61.Rh7+ Kg8 62.Rd7 Rxd7 63.Bxd7 Kf7 64.Be8+  1-0

[Event "4th South Bohemia Open"]
[Site "Cesky Krumlov CZE"]
[Date "2010.11.22"]
[Round "2"]
[White "Chetverik,M"]
[Black "Beter,Arnost"]
[Result "1-0"]
[WhiteElo "2339"]
[BlackElo "2050"]

1.d4 d5 2.c4 e6 3.Nf3 Nf6 4.g3 Be7 5.Bg2 O-O 6.O-O Nbd7 7.Qb3 c6 8.Nc3 b6
9.cxd5 cxd5 10.Bf4 a6 11.Rac1 Bb7 12.Na4 Ne8 13.Ne5 Nxe5 14.Bxe5 b5 15.Nc5 Ra7
16.e4 Ba8 17.exd5 exd5 18.Rfd1 Nf6 19.Bh3 h6 20.a4 bxa4 21.Qxa4 Ne4 22.Bg2 Nf6
23.b4 Nd7 24.Bf1 Bxc5 25.bxc5 Nxe5 26.dxe5 Qe7 27.Qd4 f6 28.c6 fxe5 29.Qxd5+ Kh7
30.Bc4 Qf6 31.Rc2 Rc7 32.Qe4+ g6  1-0

[Event "Vasylyshyn Memorial IM"]
[Site "Lviv UKR"]
[Date "2010.11.24"]
[Round "2"]
[White "Nester,I"]
[Black "Meleshko,V"]
[Result "1/2-1/2"]
[WhiteElo "2340"]
[BlackElo "2252"]

1.Nf3 Nf6 2.c4 e6 3.g3 d5 4.d4 Be7 5.Bg2 O-O 6.O-O dxc4 7.Qc2 a6 8.Qxc4 b5
9.Qc2 Bb7 10.Bd2 Ra7 11.Rd1 Nbd7 12.a4 b4 13.Bg5 Be4 14.Qc1 c5 15.Nbd2 Bd5
16.Qc2 Rc7 17.Rac1 Qa8 18.Qd3 h6 19.Bf4 Rcc8 20.Nc4 cxd4 21.Qxd4 Ne4 22.Ne3 Bc5
23.Qd3 Ndf6 24.Nd4 Bb7 25.Qb1 Rfd8 26.Nb3 Rxd1+ 27.Nxd1 Bb6 28.Rxc8+ Qxc8
29.Be3 Bxe3 30.Nxe3 Qd7 31.a5 Qb5 32.Qd3 Bc6 33.Nd4 Qc5 34.Nxc6 Qxc6 35.Qc4 Qxc4
36.Nxc4 Kf8 37.Ne5 Nc5 38.e3 Nfe4 39.Bxe4 Nxe4 40.Nd3 b3 41.Nb4 Nd2 42.Nxa6 Nc4
43.Kf1 Nxa5 44.Ke2 Nc4  1/2-1/2

[Event "Vasylyshyn Memorial IM"]
[Site "Lviv UKR"]
[Date "2010.11.25"]
[Round "3"]
[White "Meleshko,V"]
[Black "Vetoshko,V"]
[Result "1-0"]
[WhiteElo "2252"]
[BlackElo "2211"]

1.d4 Nf6 2.Nf3 e6 3.c4 d5 4.g3 Be7 5.Bg2 O-O 6.O-O dxc4 7.Ne5 Nbd7 8.Nxc4 c5
9.Nc3 cxd4 10.Qxd4 Bc5 11.Qd3 Nb6 12.Qxd8 Rxd8 13.Na5 Nbd5 14.Bg5 Bb4 15.Nxd5 exd5
16.Nb3 Bg4 17.a3 Be7 18.h3 Be6 19.Rac1 h6 20.Be3 b6 21.Nd4 Rdc8 22.Nb5 Bc5
23.Bf4 g5 24.Be5 Nd7 25.Bc3 a6 26.Nd4 Ra7 27.Nxe6 fxe6 28.e4 dxe4 29.Bxe4 Rac7
30.Rcd1 Kf7 31.Rd3 Be7 32.f4 g4 33.f5 e5 34.Bd5+ Kf6 35.Be6 Bc5+ 36.Kg2 Bd4
37.Bxd4 exd4 38.Rxd4 Rc2+ 39.Kh1 Rxb2 40.Rxd7 Rcc2 41.Bd5 Rh2+ 42.Kg1 Rxh3
43.Rf7+ Ke5 44.Bg2 Rxg3 45.Re7+ Kf6 46.Re6+ Kg5 47.Rg6+ Kh5 48.Rf2 Rxf2 49.Kxf2 Rxa3
50.Be4 g3+ 51.Kg2 Ra4 52.Kf3 Ra3+ 53.Kf4 Ra4 54.Rxg3  1-0

[Event "XXVI Governors Cup"]
[Site "Legnica POL"]
[Date "2010.11.26"]
[Round "2"]
[White "Sieciechowicz,M"]
[Black "Maksimenko,An"]
[Result "1/2-1/2"]
[WhiteElo "2446"]
[BlackElo "2540"]

1.d4 Nf6 2.c4 e6 3.g3 d5 4.Nf3 Be7 5.Bg2 O-O 6.O-O dxc4 7.Ne5 Nc6 8.Bxc6 bxc6
9.Nxc6 Qe8 10.Nxe7+ Qxe7 11.Qa4 e5 12.dxe5 Qxe5 13.Qxc4 Be6 14.Qc2 Bf5 15.Qc4 Be6
16.Qc2 Bf5 17.Qd2 Bh3 18.Re1 Rad8 19.Qc3 Qd5 20.f3 Rfe8 21.Be3 Ng4 22.Bxa7 Qd1
23.Na3 Rxe2 24.Raxd1 Rg2+ 25.Kh1 Rxh2+ 26.Kg1 Rg2+ 27.Kh1 Rh2+ 28.Kg1 Rg2+
29.Kh1 Rh2+ 30.Kg1 Rg2+ 31.Kh1  1/2-1/2

[Event "Vasylyshyn Memorial IM"]
[Site "Lviv UKR"]
[Date "2010.11.26"]
[Round "4"]
[White "Nester,I"]
[Black "Vetoshko,V"]
[Result "1-0"]
[WhiteElo "2340"]
[BlackElo "2211"]

1.Nf3 Nf6 2.c4 e6 3.g3 d5 4.d4 Be7 5.Bg2 O-O 6.Qc2 a6 7.Nbd2 Nc6 8.O-O Re8
9.Rd1 b5 10.cxb5 Nb4 11.Qb1 axb5 12.Nb3 Bb7 13.Bg5 Nd7 14.Bxe7 Qxe7 15.Rc1 Rac8
16.a4 c5 17.axb5 c4 18.Na5 Ba8 19.Rc3 Nb6 20.b3 Red8 21.h4 h6 22.Ne5 f6 23.Ng6 Qd6
24.bxc4 dxc4 25.Bxa8 Rxa8 26.Nb7 Qxd4 27.Nxd8 Qxc3 28.Rxa8 Nxa8 29.Qe4 Nc7
30.b6 f5 31.bxc7 Qa1+ 32.Kg2 fxe4 33.c8=Q Qa6 34.Qc7 e3 35.Qf7+ Kh7 36.Nxe6  1-0

[Event "WY U-16 Olympiad"]
[Site "Burdur TUR"]
[Date "2010.11.27"]
[Round "1"]
[White "Vidit,S"]
[Black "Munasinghe,L"]
[Result "1-0"]
[WhiteElo "2489"]
[BlackElo "1940"]

1.d4 Nf6 2.c4 e6 3.g3 d5 4.Nf3 Be7 5.Bg2 O-O 6.O-O b6 7.cxd5 exd5 8.Nc3 Bb7
9.Qc2 Nbd7 10.Rd1 Re8 11.Bf4 c5 12.Nb5 cxd4 13.Nfxd4 Rc8 14.Bc7 Rxc7 15.Nxc7 Bc5
16.Nxe8 Qxe8 17.e3 Ne5 18.a3 a5 19.b4 axb4 20.axb4 Bxd4 21.Rxd4 Nc6 22.Rdd1 Qe7
23.b5 Na5 24.Rdc1 Ne8 25.Qc3 h6 26.Rxa5 bxa5 27.Qxa5 Qe5 28.Rd1 Kh7 29.b6 Nf6
30.Qa7 Qe7 31.Rxd5 Ng4 32.Rd2 Qb4 33.Qxb7 Qxd2 34.Qe4+  1-0

[Event "Open LTU Rapid"]
[Site "Vilnius LTU"]
[Date "2010.11.27"]
[Round "4"]
[White "Matlakov,M"]
[Black "Bandza,A"]
[Result "1-0"]
[WhiteElo "2619"]
[BlackElo "2376"]

1.d4 Nf6 2.c4 e6 3.g3 d5 4.Bg2 Be7 5.Nf3 O-O 6.O-O Na6 7.Nc3 b6 8.cxd5 exd5
9.Bf4 Bb7 10.Rc1 c6 11.Ne5 Nc7 12.Nxc6 Bxc6 13.Bxc7 Qd7 14.Be5 Ne4 15.Nxe4 dxe4
16.Qc2 Rac8 17.Bxe4 Bxe4 18.Qxe4 f6 19.Bf4 f5 20.Qd3 Bf6 21.Qb3+ Kh8 22.e3 Qe7
23.h4 h6 24.Qd5 Rcd8 25.Qf3 Rc8 26.Rc6 Rxc6 27.Qxc6 Qf7 28.b3 Qh5 29.Rc1 Qe2
30.Qc2 Qg4 31.Qd1 Qg6 32.h5 Qf7 33.Qf3 Qe7 34.Rc6 Rd8 35.Kg2 Qa3 36.Bxh6 Qxa2
37.Qxf5  1-0

[Event "Open LTU Rapid"]
[Site "Vilnius LTU"]
[Date "2010.11.27"]
[Round "5"]
[White "Shimanov,A"]
[Black "Tvarijonas,P"]
[Result "1-0"]
[WhiteElo "2516"]
[BlackElo "2373"]

1.d4 d5 2.c4 Nf6 3.Nf3 e6 4.g3 Be7 5.Bg2 O-O 6.O-O a6 7.Nc3 Nbd7 8.b3 Rb8
9.Bf4 b5 10.cxd5 exd5 11.Rc1 Bb7 12.Ne5 Rc8 13.Bh3 Bb4 14.Bg5 h6 15.Bxf6 Nxf6
16.Bxc8 Qxc8 17.Qc2 Re8 18.Nd1 Qh3 19.Ne3 c5 20.Qf5 Bc8 21.Qf4 cxd4 22.Qxd4 Bd6
23.Nf3 Be6 24.Rc6 Bb8 25.Rd1 Bd7 26.Rxf6 gxf6 27.Nxd5 Kf8 28.Nxf6 Bc6 29.Qc5+ Kg7
30.Qxc6 Re6 31.Qc8 Ba7 32.Ne8+ Kh7 33.Qd7 Kg8 34.Qxa7  1-0

[Event "XXIII Belgrade Trophy"]
[Site "Obrenovac SRB"]
[Date "2010.11.28"]
[Round "5.10"]
[White "Szabo,G ROM"]
[Black "Carnic,S"]
[Result "1-0"]
[WhiteElo "2540"]
[BlackElo "2347"]

1.d4 Nf6 2.c4 e6 3.g3 d5 4.Nf3 Be7 5.Bg2 O-O 6.O-O dxc4 7.Qc2 a6 8.Qxc4 b5
9.Qc2 Bb7 10.Bd2 Bd6 11.Bg5 Nbd7 12.Nbd2 Re8 13.e4 e5 14.dxe5 Nxe5 15.Nxe5 Bxe5
16.Rfd1 Qe7 17.f4 Bd4+ 18.Kh1 Ng4 19.Nb3 Nf2+ 20.Qxf2 Bxf2 21.Bxe7 Rxe7 22.e5 Bxg2+
23.Kxg2 Bb6 24.a4 bxa4 25.Nd2 Rd8 26.Nc4 Rxd1 27.Rxd1 f6 28.Kf3 Kf7 29.Ke4 Re6
30.Ra1 fxe5 31.Nxe5+ Ke7 32.Rxa4 a5 33.h4 Rd6 34.g4 g6 35.Nc4 Rd4+ 36.Ke5 Rd1
37.Nxa5 Re1+ 38.Kd5 Bxa5 39.Rxa5 Rh1 40.Ra7 Kd7 41.Ke5 Rxh4 42.g5 Rh2 43.Rb7 Rh4
44.Rb4 c5 45.Rc4 Kc6 46.b3 Rh3 47.b4 Kb5 48.Rxc5+ Kxb4 49.Rc7 Rh4 50.Rc8 Kb5
51.Rc1 Kb4 52.Rc8 Kb5 53.Rh8 Kc4 54.f5 gxf5 55.g6 f4 56.g7  1-0

[Event "XXIII Belgrade Trophy"]
[Site "Obrenovac SRB"]
[Date "2010.11.28"]
[Round "5"]
[White "Damljanovic,B"]
[Black "Tosic,M"]
[Result "1-0"]
[WhiteElo "2551"]
[BlackElo "2413"]

1.d4 Nf6 2.c4 e6 3.Nf3 d5 4.g3 Be7 5.Bg2 O-O 6.O-O dxc4 7.Qc2 a6 8.Qxc4 b5
9.Qc2 Bb7 10.Bd2 Nc6 11.e3 Ra7 12.Rc1 Qa8 13.Ne1 Nb8 14.Bxb7 Qxb7 15.Ba5 Rc8
16.b4 Ne4 17.f3 Nd6 18.Nd2 Nf5 19.Kf2 c6 20.Nb3 Nd7 21.Nd3 Qb8 22.a3 g6 23.f4 Nd6
24.Qe2 Nc4 25.Nb2 Nxb2 26.Qxb2 f5 27.Qe2 Nf6 28.Nd2 Rd7 29.Qf3 Rd5 30.h3 Qd6
31.Ra2 Qd7 32.Rac2 Bd6 33.Ke2 Bb8 34.Bb6 Qb7 35.Bc5 Rcd8 36.g4 R5d7 37.g5 Nd5
38.h4 Bc7 39.h5 a5 40.Rh1 axb4 41.hxg6 hxg6 42.Bxb4 c5 43.Rxc5 Bd6 44.Qh3 Rh7
45.Qxh7+ Qxh7 46.Rxh7 Kxh7 47.Rc6 Bxb4 48.axb4 Re8 49.Nf3 Nxb4 50.Rc7+ Kg8
51.Ne5 Nd5 52.Rb7 Ra8 53.Nxg6 Ra2+ 54.Kf3 Nc3 55.Ne7+ Kf8 56.g6 Ne4 57.g7+ Kxg7
58.Nxf5+ Kf6 59.Ng3 Nxg3 60.Kxg3 Rb2 61.Kg4 Rg2+ 62.Kf3 Rb2 63.Ke4 Rb3 64.Rd7 Rc3
65.d5 Rc4+ 66.Kf3 e5 67.e4 exf4 68.Kxf4 b4 69.Rb7 Rd4 70.Rb6+ Ke7 71.Ke5 Rc4
72.Rb7+ Kd8 73.d6 Kc8 74.Kd5  1-0